000 00345nam a2200133Ia 4500
008 240624s9999 xx 000 0 und d
041 _aeng
082 _a158.1 MAX
100 _aMAXEY CYNDI
245 _aITS YOUR MOVE DEALING YOURSELF THE BEST
260 _c2005
_aDelhi
_bPearson Education
300 _avii, : 264 : p. : cm. ; 24
365 _cRS
999 _c1848
_d1848